Statistics for "A Song of Ice and Fire" Nicknames

Click here to take the quiz!

General Stats

  • This quiz has been taken 1,176 times
    (967 since last reset)
  • The average score is 40 of 82

Answer Stats

HintAnswer% Correct
The ImpTyrion Lannister
99%
Lord SnowJon Snow
97%
The Young WolfRobb Stark
97%
KingslayerJaime Lannister
96%
No-oneArya Stark
92%
Little BirdSansa Stark
92%
ReekTheon Greyjoy
91%
Lady StoneheartCatelyn Stark
90%
The Old BearJeor Mormont
90%
The HoundSandor Clegane
90%
The Mountain Who RidesGregor Clegane
89%
The Bastard of BoltonRamsay Bolton
88%
The Knight of FlowersLoras Tyrell
87%
Ser PiggySamwell Tarly
87%
The SpiderVarys
87%
The Queen of DragonsDaenerys Targaryen
86%
The Onion KnightDavos Seaworth
86%
The Red ViperOberyn Martell
86%
LittlefingerPetyr Baelish
86%
The Late Lord FreyWalder Frey
85%
The Mad KingAerys II Targaryen
84%
The Beggar KingViserys Targaryen
84%
The UsurperRobert Baratheon
80%
The Red WitchMelisandre of Asshai
75%
The Quiet WolfEddard Stark
74%
GreatjonJon Umber
74%
Young GriffAegon VI Targaryen
70%
The BlackfishBrynden Tully
68%
The Sword of the MorningArthur Dayne
66%
Lord LeechRoose Bolton
66%
Crow's EyeEuron Greyjoy
63%
The Queen of ThornsOlenna Tyrell
63%
The BeautyBrienne of Tarth
62%
SweetrobinRobert Arryn
62%
GiantsbaneTormund
61%
GriffJon Connington
55%
The HalfhandQhorin
55%
The Lightning LordBeric Dondarrion
54%
Lord Too-Fat-to-Sit-a-HorseWyman Manderly
53%
DamphairAeron Greyjoy
51%
The DragonknightAemon Targaryen
45%
BloodravenBrynden Rivers
45%
Arstan WhitebeardBarristan Selmy
43%
The She-WolfLyanna Stark
41%
Lady NymNymeria Sand
39%
The GoatVargo Hoat
39%
Dunk the LunkDuncan the Tall
37%
RattleshirtThe Lord of Bones
37%
SixskinsVaramyr
36%
The Lord of LightR'hllor
35%
The BullGendry
34%
Abel the BardMance Rayder
31%
Bronze _____ _______Yohn Royce
31%
The Young DragonDaeron I Targaryen
26%
DarkstarGerold Dayne
26%
The CheesemongerIllyrio Mopatis
23%
The Old KingJaehaerys I Targaryen
23%
BittersteelAegor Rivers
22%
The Old PomegranateBowen Marsh
16%
BrightflameAerion Targaryen
15%
The KingmakerCriston Cole
15%
The Bastard of DriftmarkAurane Waters
14%
The ShavepateSkahaz mo Kandaq
13%
The ReaderRodrik Harlaw
12%
DuckRolly Duckfield
12%
SlobberHobber Redwyne
11%
HorrorHoras Redwyne
11%
The Laughing StormLyonel Baratheon
11%
The Butcher KingCleon I
10%
HalfmaesterHaldon
10%
FireballQuentyn Ball
10%
Nimble DickDick Crabb
9%
The Green GraceGalazza Galare
9%
DogsheadHarma
9%
The Black FlameMoqorro
9%
The Yellow WhaleYezzan zo Qaggaz
8%
Left-HandLucas Codd
6%
Apple-EaterLothor Brune
5%
Wun WunWun Weg Wun Dar Wun
5%
The Bastard of NightsongRolland Storm
4%
The WetnurseTyrek Lannister
4%
CorpsekillerHaggon
1%

Score Distribution

Percentile by Number Answered

Percent of People with Each Score

Your Score History

You have not taken this quiz since the last reset